2007 Microsoft Office System step by step / (Record no. 2958)
[ view plain ]
| 000 -LEADER | |
|---|---|
| fixed length control field | 00825nam a2200241 ar4500 |
| 001 - CONTROL NUMBER | |
| control field | 2960 |
| 005 - DATE AND TIME OF LATEST TRANSACTION | |
| control field | 20221127090638.0 |
| 008 - FIXED-LENGTH DATA ELEMENTS--GENERAL INFORMATION | |
| fixed length control field | 121111s xxu a 00110|eng d |
| 020 ## - INTERNATIONAL STANDARD BOOK NUMBER | |
| International Standard Book Number | 9780735625310(pbk) : |
| Terms of availability | SR135.00 |
| 082 04 - DEWEY DECIMAL CLASSIFICATION NUMBER | |
| Classification number | 005.5 |
| Item number | T93 2008 |
| 245 00 - TITLE STATEMENT | |
| Title | 2007 Microsoft Office System step by step / |
| Statement of responsibility, etc. | Joyce Cox ... [et al.]. |
| 246 1# - VARYING FORM OF TITLE | |
| Title proper/short title | Two thousand seven Microsoft Office System step by step. |
| 250 ## - EDITION STATEMENT | |
| Edition statement | 2nd ed. |
| 260 ## - PUBLICATION, DISTRIBUTION, ETC. | |
| Place of publication, distribution, etc. | Redmond, WA : |
| Name of publisher, distributor, etc. | Microsoft Press, |
| Date of publication, distribution, etc. | 2008. |
| 300 ## - PHYSICAL DESCRIPTION | |
| Extent | civ, 851 p. : |
| Other physical details | ill. ; |
| Dimensions | 23 cm. |
| Accompanying material | 7 CDs. |
| 500 ## - GENERAL NOTE | |
| General note | Cover title : Step by step 2007 Microsoft Office System. |
| 500 ## - GENERAL NOTE | |
| General note | Includes index. |
| 500 ## - GENERAL NOTE | |
| General note | Rev. ed. of : 2007. |
| 650 #4 - SUBJECT ADDED ENTRY--TOPICAL TERM | |
| Topical term or geographic name entry element | Microsoft Office. |
| 650 #4 - SUBJECT ADDED ENTRY--TOPICAL TERM | |
| Topical term or geographic name entry element | Business |
| General subdivision | Computer programs. |
| 650 #4 - SUBJECT ADDED ENTRY--TOPICAL TERM | |
| Topical term or geographic name entry element | Project management |
| General subdivision | Computer programs. |
| 700 0# - ADDED ENTRY--PERSONAL NAME | |
| Personal name | Cox, Joyce. |
| Withdrawn status | Lost status | Source of classification or shelving scheme | Damaged status | Not for loan | Home library | Current library | Date acquired | Total Checkouts | Full call number | Barcode | Date last seen | Copy number | Price effective from | Koha item type |
|---|---|---|---|---|---|---|---|---|---|---|---|---|---|---|
| 11/27/2022 | 005.5 T93 2008 | 1000000008795 | 11/27/2022 | C1 | 11/27/2022 | Book | ||||||||
| 11/27/2022 | 005.5 T93 2008 | 1000000010930 | 11/27/2022 | C11 | 11/27/2022 | Book | ||||||||
| 11/27/2022 | 005.5 T93 2008 | 1000000010929 | 11/27/2022 | C12 | 11/27/2022 | Book | ||||||||
| 11/27/2022 | 005.5 T93 2008 | 1000000008779 | 11/27/2022 | C3 | 11/27/2022 | CD | ||||||||
| 11/27/2022 | 005.5 T93 2008 | 1000000010927 | 11/27/2022 | C13 | 11/27/2022 | CD | ||||||||
| 11/27/2022 | 005.5 T93 2008 | 1000000010928 | 11/27/2022 | C14 | 11/27/2022 | CD | ||||||||
| CENTRAL | CENTRAL | 11/27/2022 | 005.5 T93 2008 | 1000000008792 | 11/27/2022 | C2 | 11/27/2022 | Book | ||||||
| CENTRAL | CENTRAL | 11/27/2022 | 005.5 T93 2008 | 1000000008791 | 11/27/2022 | C5 | 11/27/2022 | Book | ||||||
| CENTRAL | CENTRAL | 11/27/2022 | 005.5 T93 2008 | 1000000008793 | 11/27/2022 | C6 | 11/27/2022 | Book | ||||||
| CENTRAL | CENTRAL | 11/27/2022 | 005.5 T93 2008 | 1000000008794 | 11/27/2022 | C7 | 11/27/2022 | Book | ||||||
| CENTRAL | CENTRAL | 11/27/2022 | 005.5 T93 2008 | 1000000008780 | 11/27/2022 | C4 | 11/27/2022 | CD | ||||||
| CENTRAL | CENTRAL | 11/27/2022 | 005.5 T93 2008 | 1000000008778 | 11/27/2022 | C8 | 11/27/2022 | CD | ||||||
| CENTRAL | CENTRAL | 11/27/2022 | 005.5 T93 2008 | 1000000008777 | 11/27/2022 | C9 | 11/27/2022 | CD | ||||||
| CENTRAL | CENTRAL | 11/27/2022 | 005.5 T93 2008 | 1000000008776 | 11/27/2022 | C10 | 11/27/2022 | CD |
